00453nam a2200181Ia 4500003000400000005001700004006001800021007000300039008004100042024001000083037002600093040001800119041001300137082001800150100001900168245004100187260004300228OSt20221002054712.0a|||||r|||| 00| 0ta220930b |||||||| |||| 00| 0 eng d a70061 cReference Collections aCRLcCRLbeng 2engaeng a22.2k, M6(RR) aBarua B.P. Au. 0aDirectory of indian public libraries aCalcuttabNaya Prokash India c1986